Sammlung Marc Rosenberg (Record no. 6092)

MARC details
000 -CABECERA
campo de control de longitud fija 00999nam a2200253 a 4500
001 - NÚMERO DE CONTROL
campo de control BRCA_6407
005 - FECHA Y HORA DE LA ÚLTIMA TRANSACCIÓN
campo de control 20190321142933.0
008 - DATOS DE LONGITUD FIJA--INFORMACIÓN GENERAL
campo de control de longitud fija 080911s1929----gw-a######---#000-0#ger-#
041 ## - CÓDIGO DE LENGUA
Código de lengua del texto/banda sonora o título independiente ger
044 ## - CÓDIGO DEL PAÍS DE LA ENTIDAD EDITORA/PRODUCTORA
Código MARC del país gw
050 #4 - SIGNATURA TOPOGRÁFICA DE LA BIBLIOTECA DEL CONGRESO
Número de documento/Ítem .S26 2 1929
245 10 - MENCIÓN DE TÍTULO
Título Sammlung Marc Rosenberg
Mención de responsabilidad, etc. beschrieben und eingeleitet von Otto von Falke.
260 ## - PUBLICACIÓN, DISTRIBUCIÓN, ETC.
Lugar de publicación, distribución, etc. Alemania
Nombre del editor, distribuidor, etc. Hermann Ball und Paul Graupe
Fecha de publicación, distribución, etc. 1929
300 ## - DESCRIPCIÓN FÍSICA
Extensión 68 p.
Otras características físicas il., 27 láminas
Dimensiones 32 cm.
500 ## - NOTA GENERAL
Nota general Ausstellung: Mountag, Den 28. Oktober, 9-6 uhr; Sonnebend, den 2. november, von 9-6 uhr; Sonntag, den 3. november, von 10-1 uhr. Versteigerung: Montag, den 4. November, 1929; Vormittags 11 uhr: Nr. 1-154; Nachmittags 4 uhr: Nr. 155-350
500 ## - NOTA GENERAL
Nota general Catálogo de subasta inventariado por Banco de México como libro
500 ## - NOTA GENERAL
Nota general Ver también CDE28, CDE30 y CDE31
500 ## - NOTA GENERAL
Nota general CDE29
650 14 - PUNTO DE ACCESO ADICIONAL DE MATERIA--TÉRMINO DE MATERIA
Término de materia o nombre geográfico como elemento de entrada Arte
Subdivisión de forma Catálogos
9 (RLIN) 4925
650 14 - PUNTO DE ACCESO ADICIONAL DE MATERIA--TÉRMINO DE MATERIA
Término de materia o nombre geográfico como elemento de entrada Joyería antigua
Subdivisión de forma Subastas
9 (RLIN) 16022
700 1# - PUNTO DE ACCESO ADICIONAL--NOMBRE DE PERSONA
Nombre de persona Falke, Otto von
9 (RLIN) 16023
902 ## - CATALOGADOR
Iniciales GFM
942 ## - ELEMENTOS DE PUNTO DE ACCESO ADICIONAL (KOHA)
Fuente del sistema de clasificación o colocación Library of Congress Classification
Tipo de ítem Koha Libros
Holdings
Estado de retiro Estado de pérdida Estado dañado No para préstamo Localización permanente Ubicación/localización actual Fecha de adquisición Número de inventario Total de préstamos Signatura topográfica completa Código de barras Fecha visto por última vez Precio válido a partir de Tipo de ítem Koha
El ejemplar forma parte de la colección y puede ser consultado según las políticas vigentes.       Biblioteca del Museo Franz Mayer (Rogerio Casas-Alatriste) Biblioteca del Museo Franz Mayer (Rogerio Casas-Alatriste) 08/09/2011 CDE29   .S26 2 1929 (CDE29) 6854 22/03/2019 22/03/2019 Libros